Score 0/33 Timer 03:00
0 Plays Today
Song Title Missing Word % Correct
Wrecking ______Ball
93.2%
Come & ______ ItGet
92.6%
Blurred ______Lines
91.7%
Story of My ______Life
91.5%
Wake Me ______!Up
88.9%
Thrift ______Shop
87.9%
Safe and ______Sound
86.5%
Best Song ______Ever
86.1%
When I Was Your ______Man
86.1%
Suit & ______Tie
83.8%
Scream & ______Shout
83.1%
Harlem ______Shake
82.4%
I Knew You Were ______Trouble
80.3%
The ______ (What Does the ______ Say?)Fox
79.9%
I ______ ItLove
77.5%
We Can't ______Stop
76.9%
Beauty and a ______Beat
72.4%
Song Title Missing Word % Correct
Just Give Me a ______Reason
69.1%
Started from the ______Bottom
68%
Counting ______Stars
65%
Let ______ GoHer
65%
Get ______Lucky
64%
Can't Hold ______Us
62.6%
Don't You Worry ______Child
59.7%
Summertime ______Sadness
56.7%
Heart ______Attack
51.6%
Holy ______Grail
50%
Hold On, We're Going ______Home
47.7%
Say ______Something
44.6%
Feel This ______Moment
44.4%
Rap ______God
41.7%
Sweet ______Nothing
33.3%
Love ______Somebody
22.6%

Today's Daily Dose

You're not logged in!

Compare scores with friends on all Sporcle quizzes.
OR
Log In

Sporcle TV

Today on Sporcle TV


Watch our educational content, quiz creation guides, and fun videos on Sporcle TV.

Show Comments

Extras

Top Quizzes Today


Score Distribution

Paid Content

Your Account Isn't Verified!

In order to create a playlist on Sporcle, you need to verify the email address you used during registration. Go to your Sporcle Settings to finish the process.

Report this User

Report this user for behavior that violates our Community Guidelines.

Details: